000
00294nam a22001337a 4500
008
181107b xxu||||| |||| 00| 0 eng d
020
_a
021898616753
041
_a
eng
080
_2
3rd
_a
038
100
_a
23
101
_a
FJA
245
_a
Webster's New World
_c
Neufeldt, V
942
_2
udc
_c
BK
999
_c
52218
_d
52218